| 000 | 00956nac a22002651u 4500 | ||
|---|---|---|---|
| 010 | _a 87027504 | ||
| 020 | _a1555870996 (pbk.) : | ||
| 020 | _a1555870996 (pbk.) : | ||
| 082 | 0 | 0 |
_a327.09045 _bGUR |
| 090 |
_c7264 _d7264 |
||
| 100 | _aGurtov, Melvin. | ||
| 245 | 1 | 0 |
_aGlobal politics in the human interest / _cMel Gurtov ; with the assistance of Dariush Haghighat. |
| 260 |
_aBoulder, Colo. : _bL. Rienner,1988 _c1988. |
||
| 300 |
_axiii, 253 p. ; _c24 cm. |
||
| 440 | 0 | _aExplorations in peace and justice | |
| 500 | _aIncludes index. | ||
| 504 | _aBibliography: p. 225-239. | ||
| 511 | _acatalogued by: wessam | ||
| 650 | 0 | _aInternational relations. | |
| 650 | 0 | _aInternational economic relations. | |
| 650 | 0 |
_aWorld politics _y1945- |
|
| 700 | 1 | _aHaghighat, Dariush. | |
| 942 |
_cBB _k327.09045GUR |
||
| 999 |
_c7264 _d7264 |
||